Clásicos y modernos

保存先:
書誌詳細
第一著者: Azorín, Antonio
フォーマット: 図書
言語:Undetermined
出版事項: Buenos Aires, Argentina Losada 1952
版:4
主題:
タグ: タグ追加
タグなし, このレコードへの初めてのタグを付けませんか!

MARC

LEADER 00000nam a2200000Ia 4500
008 170316s9999 xx 000 0 und d
040 |a cru BVZT 
090 |a 862 A-52cl 
100 |a Azorín, Antonio 
245 |a Clásicos y modernos 
250 |a 4 
260 |a Buenos Aires, Argentina 
260 |b Losada 
260 |c 1952 
300 |a 205 páginas 
650 |a LITERATURA ESPAÑOLA 
999 |c 9467  |d 9467 
942 |c 15 D  |h 862 A-52cl  |2 z